Hướng dẫn làm bài tập toán 8: Tóm tắt lý thuyết, hướng dẫn giải, bài tập làm thêm. Tập 2.
v.v...
Đã lưu trong:
| Tác giả chính: | |
|---|---|
| Định dạng: | Sách |
| Năm xuất bản: |
Hải Phòng:
Nxb Hải Phòng,
2004
|
| Chủ đề: | |
| Tags: |
Thêm thẻ
Không có thẻ, Hãy là người đầu tiên gắn thẻ bản ghi này!
|
| LEADER | 02352nam a2200325 4500 | ||
|---|---|---|---|
| 082 | |a 510.76 |b D561Đ | ||
| 100 | |a Dương Đức Kim. | ||
| 245 | |a Hướng dẫn làm bài tập toán 8: |b Tóm tắt lý thuyết, hướng dẫn giải, bài tập làm thêm. |c Dương Đức Kim, Đỗ Duy Đồng. |n Tập 2. | ||
| 260 | |a Hải Phòng: |b Nxb Hải Phòng, |c 2004 | ||
| 300 | |a 160tr. |c 24cm. | ||
| 520 | |a v.v... | ||
| 653 | |a Toán học | ||
| 653 | |a Đại số | ||
| 653 | |a Hình học | ||
| 653 | |a Bài tập | ||
| 653 | |a Giải bài tập | ||
| 653 | |a Lớp 8 | ||
| 942 | |2 ddc |c STK0 | ||
| 999 | |c 6946 |d 6946 | ||
| 952 | |0 0 |1 0 |2 ddc |4 0 |6 510_760000000000000_D561Đ |7 0 |8 500 |9 64669 |a qbu |b qbu |c D3 |d 2015-01-26 |g 14000 |o 510.76 D561Đ |p 6651.c1 |r 0000-00-00 |w 2015-01-26 |y STK0 | ||
| 952 | |0 0 |1 0 |2 ddc |4 0 |6 510_760000000000000_D561Đ |7 0 |8 500 |9 64670 |a qbu |b qbu |c D3 |d 2015-01-26 |g 14000 |o 510.76 D561Đ |p 6651.c2 |r 0000-00-00 |w 2015-01-26 |y STK0 | ||
| 952 | |0 0 |1 0 |2 ddc |4 0 |6 510_760000000000000_D561Đ |7 0 |8 500 |9 64671 |a qbu |b qbu |c D3 |d 2015-01-26 |g 14000 |o 510.76 D561Đ |p 6651.c3 |r 0000-00-00 |w 2015-01-26 |y STK0 | ||
| 952 | |0 0 |1 0 |2 ddc |4 0 |6 510_760000000000000_D561Đ |7 0 |8 500 |9 64672 |a qbu |b qbu |c D3 |d 2015-01-26 |g 14000 |o 510.76 D561Đ |p 6651.c4 |r 0000-00-00 |w 2015-01-26 |y STK0 | ||
| 952 | |0 0 |1 0 |2 ddc |4 0 |6 510_760000000000000_D561Đ |7 0 |8 500 |9 64673 |a qbu |b qbu |c D3 |d 2015-01-26 |g 14000 |o 510.76 D561Đ |p 6651.c5 |r 0000-00-00 |w 2015-01-26 |y STK0 | ||
| 952 | |0 0 |1 0 |2 ddc |4 0 |6 510_760000000000000_D561Đ |7 0 |8 500 |9 64674 |a qbu |b qbu |c D3 |d 2015-01-26 |g 14000 |o 510.76 D561Đ |p 6651.c6 |r 0000-00-00 |w 2015-01-26 |y STK0 | ||
| 952 | |0 0 |1 0 |2 ddc |4 0 |6 510_760000000000000_D561Đ |7 0 |8 500 |9 64675 |a qbu |b qbu |c D3 |d 2015-01-26 |g 14000 |o 510.76 D561Đ |p 6651.c7 |r 0000-00-00 |w 2015-01-26 |y STK0 | ||
| 952 | |0 0 |1 0 |2 ddc |4 0 |6 510_760000000000000_D561Đ |7 0 |8 500 |9 64676 |a qbu |b qbu |c D3 |d 2015-01-26 |g 14000 |o 510.76 D561Đ |p 6651.c8 |r 0000-00-00 |w 2015-01-26 |y STK0 | ||
| 952 | |0 0 |1 0 |2 ddc |4 0 |6 510_760000000000000_D561Đ |7 0 |8 500 |9 64677 |a qbu |b qbu |c D3 |d 2015-01-26 |g 14000 |o 510.76 D561Đ |p 6651.c9 |r 0000-00-00 |w 2015-01-26 |y STK0 | ||
| 952 | |0 0 |1 0 |2 ddc |4 0 |6 510_760000000000000_D561Đ |7 0 |8 500 |9 64678 |a qbu |b qbu |c D3 |d 2015-01-26 |g 14000 |o 510.76 D561Đ |p 6651.c10 |r 0000-00-00 |w 2015-01-26 |y STK0 | ||
| 952 | |0 0 |1 0 |2 ddc |4 0 |6 510_760000000000000_D561Đ |7 0 |8 500 |9 64679 |a qbu |b qbu |c D3 |d 2015-01-26 |g 14000 |o 510.76 D561Đ |p 6651.c11 |r 0000-00-00 |w 2015-01-26 |y STK0 | ||